[Event "40th Olympiad Open"]
[Site "Istanbul TUR"]
[Date "2012.09.03"]
[Round "6.68"]
[Board "1"]
[White "Tsang, Hon Ki"]
[Black "Meza Martinez, Alcides Ivan"]
[Result "1-0"]
[WhiteElo "2084"]
[BlackElo "2187"]
[WhiteTeam "Hong Kong"]
[BlackTeam "Honduras"]
[WhiteFideId "6000185"]
[BlackFideId "8400610"]
[EventDate "2012.08.28"]

1. e4 e6 2. d4 d5 3. e5 c5 4. c3 Nc6 5. Nf3 Bd7 6. a3 a5 7. b3 Rc8 8. Bd3 Qb6 9.
Be3 cxd4 10. cxd4 f6 11. O-O Qd8 12. Nc3 g6 13. Nb5 Be7 14. Qd2 Qb6 15. Rfc1 Rd8
16. Qe2 Kf7 17. exf6 Nxf6 18. Ng5+ Kg7 19. Bf4 Nxd4 20. Qe3 Bxb5 21. Bxb5 Qxb5
22. Qxd4 Rd7 23. Nxe6+ Kf7 24. Ng5+ Kg7 25. Rc3 h6 26. Nf3 Kh7 27. Ne5 Ne4 28.
Rh3 Bf6 29. Rxh6+ Kg7 30. Rxg6+ Kf8 31. Nxd7+ Qxd7 32. Rxf6+ 1-0

[Event "40th Olympiad Open"]
[Site "Istanbul TUR"]
[Date "2012.09.03"]
[Round "6.68"]
[Board "2"]
[White "Huguet, Sergio"]
[Black "Lee, T H Bryan"]
[Result "1/2-1/2"]
[WhiteTitle "FM"]
[WhiteElo "2094"]
[BlackElo "2016"]
[WhiteTeam "Honduras"]
[BlackTeam "Hong Kong"]
[WhiteFideId "2212552"]
[BlackFideId "6000584"]
[EventDate "2012.08.28"]

1. d4 Nf6 2. e3 g6 3. Bd3 Bg7 4. f4 d6 5. Nf3 O-O 6. O-O c5 7. c4 cxd4 8. Nxd4
Nc6 9. Nxc6 bxc6 10. Nc3 d5 11. cxd5 Nxd5 12. Nxd5 cxd5 13. e4 dxe4 14. Bxe4
Bd4+ 15. Kh1 Rb8 16. Rb1 Ba6 17. Bd3 Bb7 18. b3 Qd5 19. Qe2 Rfd8 20. Bc4 Qe4 21.
Ba3 Be3 22. Rbe1 Rbc8 23. h3 e6 24. Rf3 Bc5 25. Qxe4 Bxe4 26. Rxe4 Bxa3 27. Rd3
Rxd3 28. Bxd3 Rd8 29. Bc4 a5 30. Kg1 Rd2 31. Re2 Bc5+ 32. Kf1 Rd1+ 33. Re1 Rxe1+
34. Kxe1 Kg7 35. Ke2 Kf6 36. Kf3 1/2-1/2

[Event "40th Olympiad Open"]
[Site "Istanbul TUR"]
[Date "2012.09.03"]
[Round "6.68"]
[Board "3"]
[White "Qian, Kun Arthas"]
[Black "Bobadilla, Yelso"]
[Result "0-1"]
[WhiteElo "1983"]
[BlackElo "1874"]
[WhiteTeam "Hong Kong"]
[BlackTeam "Honduras"]
[WhiteFideId "6001556"]
[BlackFideId "8400970"]
[EventDate "2012.08.28"]

1. d4 d5 2. Nc3 Nc6 3. e4 dxe4 4. d5 Ne5 5. Nxe4 e6 6. Bb5+ c6 7. dxc6 Qxd1+ 8.
Kxd1 bxc6 9. Ba4 Bb7 10. Bf4 Rd8+ 11. Kc1 Rd4 12. f3 Ng6 13. Ne2 Rxa4 14. N2c3
Rxe4 15. fxe4 Nxf4 16. g3 Ng6 17. a3 Nf6 18. Kd2 Be7 19. Rad1 O-O 20. Kc1 c5 21.
Rde1 Rd8 22. Rhf1 e5 23. Rf5 Rd4 24. h4 Nxe4 25. Ne2 Rd8 26. h5 Nd6 27. Rf2 Bg5+
28. Kb1 Ne7 29. Nc3 f5 30. Rxe5 c4 31. Rfe2 Ne4 32. Nxe4 Bxe4 33. g4 Bf3 34.
Rxe7 Bxe7 35. Rxe7 Rd1+ 36. Ka2 fxg4 37. Rxa7 g3 38. h6 gxh6 39. Rc7 g2 40. Rc8+
Kg7 41. Rxc4 Bc6 0-1

[Event "40th Olympiad Open"]
[Site "Istanbul TUR"]
[Date "2012.09.03"]
[Round "6.69"]
[Board "4"]
[White "Press, Shaun"]
[Black "Cecchetti, Roberto"]
[Result "1/2-1/2"]
[WhiteTitle "CM"]
[WhiteElo "2041"]
[BlackElo "1910"]
[WhiteTeam "Papua New Guinea"]
[BlackTeam "San Marino"]
[WhiteFideId "9100075"]
[BlackFideId "11800160"]
[EventDate "2012.08.28"]

1. e4 c5 2. Nf3 g6 3. c3 Nc6 4. d4 cxd4 5. cxd4 d5 6. e5 Bg4 7. Bb5 Qb6 8. Bxc6+
bxc6 9. Nbd2 e6 10. O-O Ne7 11. Nb3 Nf5 12. Be3 a5 13. Rc1 Nxe3 14. fxe3 Bh6 15.
Qd2 O-O 16. Nc5 Ra7 17. h3 Bxf3 18. Rxf3 Qb4 19. Qf2 Qb8 20. Rf1 Qe8 21. Qc2 Qb8
22. Nd3 Qb6 23. Nf2 Bg7 24. Ng4 Rb8 25. b3 a4 26. bxa4 Rc8 27. Qf2 Qc7 28. Qh4
Qd8 29. Qf2 Qe7 30. Qc2 Qb4 31. Rb1 Qxa4 32. Qxa4 Rxa4 33. Rb7 Rf8 34. Rf2 h5
35. Nh2 Bh6 36. Nf1 Ra3 37. Rb3 Rxb3 38. axb3 Rb8 39. Rb2 Rb4 40. Kf2 Bf8 41.
Rc2 Rxb3 42. Rxc6 Rb2+ 43. Kf3 Bh6 44. Rc3 Bf8 45. Rc8 Kg7 46. Rc7 Ra2 47. Rb7
Rc2 48. Ng3 Ba3 49. Ne2 g5 50. Ng3 Kg6 51. Rb8 g4+ 52. hxg4 hxg4+ 53. Kxg4 Rxg2
54. Kf3 Rh2 55. Rg8+ Kh7 56. Rc8 Kg6 57. Rg8+ 1/2-1/2

[Event "40th Olympiad Open"]
[Site "Istanbul TUR"]
[Date "2012.09.03"]
[Round "6.70"]
[Board "1"]
[White "Atwoli, Joseph"]
[Black "Rosenbeiger, Alan"]
[Result "1-0"]
[WhiteElo "2065"]
[BlackElo "2151"]
[WhiteTeam "Kenya"]
[BlackTeam "Jersey"]
[WhiteFideId "10800816"]
[BlackFideId "1109448"]
[EventDate "2012.08.28"]

1. e4 c5 2. Nc3 a6 3. f4 e6 4. Nf3 b5 5. d4 cxd4 6. Qxd4 Nc6 7. Qf2 Nf6 8. Bd3
d5 9. e5 Nd7 10. Qg3 Nc5 11. O-O Nb4 12. Ne1 g6 13. Be2 d4 14. Bf3 dxc3 15. Bxa8
cxb2 16. Bxb2 Na4 17. Qb3 Bc5+ 18. Kh1 Nxb2 19. Qxb2 Qd2 20. Rb1 Nd5 21. Bc6+
Ke7 22. Nd3 Ne3 23. Nxc5 Nxf1 24. Rxf1 Rd8 25. Ne4 Qe2 26. Qb4+ 1-0

[Event "40th Olympiad Open"]
[Site "Istanbul TUR"]
[Date "2012.09.03"]
[Round "6.70"]
[Board "2"]
[White "Kahn, Tito"]
[Black "Gateri, Martin"]
[Result "0-1"]
[BlackTitle "FM"]
[WhiteElo "2049"]
[BlackElo "2082"]
[WhiteTeam "Jersey"]
[BlackTeam "Kenya"]
[WhiteFideId "15600084"]
[BlackFideId "10800174"]
[EventDate "2012.08.28"]

1. d4 d5 2. Nf3 Nf6 3. Bf4 c6 4. e3 Qb6 5. Qc1 Bf5 6. Nh4 Bg4 7. f3 Bc8 8. g4
Nbd7 9. c3 e6 10. Ng2 c5 11. a4 a6 12. a5 Qc6 13. Bd3 Bd6 14. Nd2 e5 15. dxe5
Nxe5 16. Be2 O-O 17. b3 Re8 18. Qc2 Ng6 19. Bg3 Be6 20. Kf2 Qc7 21. Bxd6 Qxd6
22. h4 d4 23. Nc4 Bxc4 24. bxc4 dxe3+ 25. Nxe3 Rxe3 26. Kxe3 Qf4+ 27. Kf2 Nxg4+
28. Ke1 Ne3 29. Qe4 Qxe4 30. fxe4 Nc2+ 31. Kf2 Nxa1 32. Rxa1 Nxh4 33. Rb1 Rb8
34. Ke3 Ng6 35. e5 Nxe5 36. Ke4 Nc6 37. Kd5 Nxa5 38. Kxc5 Kf8 39. Kb6 Nc6 40.
Bf3 Ne5 41. Bd5 Rd8 42. Kxb7 Rd6 43. Rb6 Ke7 44. Rxa6 Rxa6 45. Kxa6 Kd6 46. Kb5
h6 47. Be4 Nd7 48. Bf5 Nc5 49. Bg4 g6 50. Bd1 h5 51. Bf3 h4 52. Bg4 f5 53. Bh3
Ne4 54. c5+ Nxc5 55. Kc4 Ne4 56. Kd4 Nf2 57. Bf1 h3 58. c4 h2 59. c5+ Kc7 0-1

[Event "40th Olympiad Open"]
[Site "Istanbul TUR"]
[Date "2012.09.03"]
[Round "6.70"]
[Board "4"]
[White "Wojciechowski, Paul"]
[Black "Magana, Ben"]
[Result "0-1"]
[WhiteElo "2068"]
[BlackElo "2032"]
[WhiteTeam "Jersey"]
[BlackTeam "Kenya"]
[WhiteFideId "15600017"]
[BlackFideId "10800166"]
[EventDate "2012.08.28"]

1. e4 e5 2. Nf3 Nc6 3. Nc3 Nf6 4. d4 exd4 5. Nxd4 Bb4 6. Nxc6 bxc6 7. Bd3 d5 8.
exd5 O-O 9. O-O cxd5 10. Bg5 c6 11. Na4 h6 12. Bh4 Re8 13. c3 Bf8 14. Re1 Rxe1+
15. Qxe1 Be6 16. Qe2 Qa5 17. Bc2 Ne4 18. b4 Qb5 19. Re1 Qxe2 20. Rxe2 g5 21. f3
Nxc3 22. Nxc3 gxh4 23. a3 a5 24. bxa5 Bxa3 25. Ba4 Rxa5 26. Bxc6 Rc5 0-1

[Event "40th Olympiad Open"]
[Site "Istanbul TUR"]
[Date "2012.09.03"]
[Round "6.71"]
[Board "1"]
[White "Sidi Mbareck Mohamed"]
[Black "Hamperl, Fred"]
[Result "0-1"]
[BlackTitle "FM"]
[WhiteElo "1947"]
[BlackElo "2120"]
[WhiteTeam "Mauritania"]
[BlackTeam "Guernsey"]
[WhiteFideId "19600186"]
[BlackFideId "10700110"]
[EventDate "2012.08.28"]

1. e4 c5 2. c3 e6 3. Nf3 Nc6 4. d4 d5 5. exd5 exd5 6. Bb5 Bd6 7. O-O Ne7 8. dxc5
Bxc5 9. Nbd2 O-O 10. Nb3 Bb6 11. Nbd4 Qd6 12. Bd3 h6 13. h3 f5 14. Be3 f4 15.
Nb5 Qd8 16. Bxb6 Qxb6 17. Qd2 Bf5 18. Rab1 Rad8 19. Nbd4 Nxd4 20. Nxd4 Be4 21.
f3 Bxd3 22. Qxd3 Nf5 23. Rfe1 Nxd4 24. Qxd4 Qxd4+ 25. cxd4 Rfe8 26. Rbc1 Kf8 27.
Rxe8+ Kxe8 28. Rc7 Rd7 29. Rc8+ Ke7 30. Kh2 Kd6 31. Rf8 Kc6 32. Rxf4 Kb5 33. h4
Kc4 34. h5 Kd3 35. g4 Kc2 36. Kh3 Kxb2 37. Kh4 Kxa2 38. g5 hxg5+ 39. Kxg5 b5 40.
Rf8 b4 41. Rb8 b3 42. Kf5 Rf7+ 43. Kg6 Rc7 0-1

[Event "40th Olympiad Open"]
[Site "Istanbul TUR"]
[Date "2012.09.03"]
[Round "6.71"]
[Board "2"]
[White "Rowe, Peter"]
[Black "Taleb Mohamed, Ahmed"]
[Result "1-0"]
[WhiteTitle "CM"]
[WhiteElo "1987"]
[BlackElo "1965"]
[WhiteTeam "Guernsey"]
[BlackTeam "Mauritania"]
[WhiteFideId "10700099"]
[BlackFideId "19600038"]
[EventDate "2012.08.28"]

1. d4 c5 2. d5 e5 3. c4 f5 4. Nc3 d6 5. e4 Nf6 6. Bd3 f4 7. g3 g5 8. h4 fxg3 9.
fxg3 g4 10. Be3 Bg7 11. Nge2 O-O 12. O-O Bd7 13. Qd2 Be8 14. Bg5 Nbd7 15. Rf2
Bg6 16. Raf1 Qa5 17. Qc2 a6 18. Bd2 Qc7 19. a4 Nh5 20. Nd1 Rxf2 21. Nxf2 Ndf6
22. Kg2 Rf8 23. Nc3 Qc8 24. Be2 Rf7 25. Qd1 Qf8 26. Bg5 h6 27. Bxf6 Nxf6 28.
Bxg4 Nxg4 29. Nxg4 h5 30. Rxf7 Qxf7 31. Nf2 Bh6 32. Qf3 Qe7 33. Ncd1 Bc1 34. b3
Kg7 35. Ne3 Kh7 36. Nf5 Qf8 37. g4 Bf4 38. Nh3 hxg4 39. Qxg4 Bc1 40. Ng5+ Bxg5
41. Qxg5 Qf7 42. Nxd6 Qd7 43. Nf5 Be8 44. Qh6+ Kg8 45. Qf6 b5 46. a5 bxc4 47.
bxc4 Qb7 48. Qxe5 Bg6 49. Qe6+ Kf8 50. Qf6+ Bf7 51. Nd6 1-0

[Event "40th Olympiad Open"]
[Site "Istanbul TUR"]
[Date "2012.09.03"]
[Round "6.71"]
[Board "3"]
[White "Boydia, Sidi"]
[Black "Brookfield, Toby"]
[Result "1-0"]
[BlackTitle "CM"]
[WhiteElo "2024"]
[BlackElo "1823"]
[WhiteTeam "Mauritania"]
[BlackTeam "Guernsey"]
[WhiteFideId "19600100"]
[BlackFideId "10700234"]
[EventDate "2012.08.28"]

1. e4 c5 2. Nc3 d6 3. g3 Nc6 4. Bg2 g6 5. Nge2 Bg7 6. d3 Rb8 7. Be3 b5 8. Qd2 b4
9. Nd1 Qa5 10. f4 e6 11. O-O Nge7 12. d4 cxd4 13. Nxd4 Nxd4 14. Bxd4 Bxd4+ 15.
Qxd4 Qc5 16. Qxc5 dxc5 17. Ne3 Nc6 18. Rf2 Ke7 19. f5 Rd8 20. Ng4 h5 21. fxg6
fxg6 22. Raf1 Kd6 23. Rf7 Rd7 24. e5+ Kc7 25. Bxc6 Kxc6 26. Rxd7 Bxd7 27. Nf6
Rf8 28. Rd1 Bc8 29. Kf2 Rh8 30. h4 a5 31. Ke3 Kb5 32. Rd6 c4 33. Kf4 a4 34. Ke3
Rf8 35. Kd4 Rf7 36. Rd8 Rc7 37. Ne4 b3 38. axb3 cxb3 39. cxb3 Rd7+ 40. Rxd7 Bxd7
41. bxa4+ Kb4 42. Nc5 Be8 43. b3 Bc6 44. Nxe6 Kxb3 45. Nf4 Kxa4 46. Nxg6 Kb5 47.
Nf4 Bf3 48. e6 Kc6 49. Ke5 Kc7 50. Kf6 Kd8 51. e7+ 1-0

[Event "40th Olympiad Open"]
[Site "Istanbul TUR"]
[Date "2012.09.03"]
[Round "6.71"]
[Board "4"]
[White "Knight, Timothy"]
[Black "Yahi, Mohamed Salem"]
[Result "0-1"]
[WhiteElo "1801"]
[BlackElo "1895"]
[WhiteTeam "Guernsey"]
[BlackTeam "Mauritania"]
[WhiteFideId "10700064"]
[BlackFideId "19600160"]
[EventDate "2012.08.28"]

1. b4 d6 2. Bb2 e5 3. e3 Nf6 4. c4 g6 5. d4 exd4 6. exd4 Bg7 7. Nf3 O-O 8. Be2
Re8 9. O-O Bg4 10. h3 Bxf3 11. Bxf3 d5 12. c5 c6 13. a4 Ne4 14. Nd2 f5 15. Re1
Nd7 16. Bxe4 fxe4 17. Nf1 a5 18. b5 Nxc5 19. dxc5 Bxb2 20. Rb1 Bc3 21. Re2 Bb4
22. bxc6 bxc6 23. Qd4 Qe7 24. Rc2 Qe5 25. Rd1 Rab8 26. Ne3 Qxd4 27. Rxd4 Ba3 28.
Ng4 Kg7 29. Rd1 h5 30. Ne3 Bb2 31. Rb1 Be5 32. Rb6 d4 33. Nc4 Bc7 34. Rxb8 Rxb8
35. g3 Kf6 36. Rd2 d3 37. f3 Rb4 38. Ne3 Rxa4 39. fxe4 Rxe4 40. Rxd3 Bxg3 41.
Nc2 Ke5 0-1

[Event "40th Olympiad Open"]
[Site "Istanbul TUR"]
[Date "2012.09.03"]
[Round "6.73"]
[Board "2"]
[White "Al-Zayat, Ahmed"]
[Black "Aydincelebi, Kagan"]
[Result "1-0"]
[WhiteTitle "FM"]
[WhiteElo "1977"]
[BlackElo "1659"]
[WhiteTeam "Libya"]
[BlackTeam "Turkey 2023"]
[WhiteFideId "9200380"]
[BlackFideId "6361102"]
[EventDate "2012.08.28"]

1. d4 d5 2. Bf4 Nf6 3. Nf3 c6 4. e3 Nbd7 5. Nbd2 e6 6. h3 Be7 7. Bd3 O-O 8. O-O
c5 9. c3 b6 10. Qe2 Bb7 11. Rad1 Re8 12. Ne5 Nxe5 13. dxe5 Nd7 14. Qg4 Bf8 15.
e4 d4 16. Nf3 dxc3 17. Bb5 Bc8 18. bxc3 Qc7 19. Ng5 g6 20. Qh4 h6 21. Nf3 Kh7
22. Rd6 f6 23. exf6 e5 24. f7 Re7 25. Bxh6 Rxf7 26. Rc6 1-0

[Event "40th Olympiad Open"]
[Site "Istanbul TUR"]
[Date "2012.09.03"]
[Round "6.74"]
[Board "1"]
[White "Bacchas, Clevert"]
[Black "Hernandez, Roberto PLW"]
[Result "1-0"]
[WhiteElo "1944"]
[BlackElo "1875"]
[WhiteTeam "Bermuda"]
[BlackTeam "Palau"]
[WhiteFideId "8800758"]
[BlackFideId "16600010"]
[EventDate "2012.08.28"]

1. Nf3 Nf6 2. c4 d6 3. Nc3 g6 4. d4 Bg7 5. g3 O-O 6. Bg2 Nbd7 7. O-O c5 8. d5
Nb6 9. b3 Ne4 10. Nxe4 Bxa1 11. Bh6 Bg7 12. Qd2 Bf5 13. Bxg7 Kxg7 14. Qc3+ Kg8
15. Ned2 a5 16. a4 Qd7 17. e4 Bh3 18. e5 Bxg2 19. Kxg2 Qf5 20. Re1 dxe5 21. Rxe5
Qf6 22. Ne4 Qg7 23. Qe3 f6 24. Re6 Nd7 25. Nxc5 Nxc5 26. Qxc5 Rfc8 27. Qe3 Rc7
28. Nd4 Rd7 29. Rb6 Qf7 30. Ne6 Ra6 31. Qc5 Ra8 32. Qb5 Qe8 33. Kf3 g5 34. Ke3
Qc8 35. Kd3 Kf7 36. g4 Ra7 37. h3 Rd6 38. Kc3 Rxb6 39. Qxb6 Ra6 40. Qd8 Ra8 41.
Qb6 Kg6 42. Qe3 Qb8 43. f4 Qh8 44. Qe4+ Kf7 45. Qf5 gxf4 46. Nxf4 Ra6 47. Qh5+
Kf8 48. Ng6+ 1-0

[Event "40th Olympiad Open"]
[Site "Istanbul TUR"]
[Date "2012.09.03"]
[Round "6.74"]
[Board "4"]
[White "Manuel, Menandro"]
[Black "Warren, Jamel"]
[Result "1/2-1/2"]
[WhiteElo "1922"]
[BlackElo "1529"]
[WhiteTeam "Palau"]
[BlackTeam "Bermuda"]
[WhiteFideId "16600029"]
[BlackFideId "8800650"]
[EventDate "2012.08.28"]

1. d4 Nf6 2. c4 e6 3. Nc3 Bb4 4. Qb3 Bxc3+ 5. Qxc3 b6 6. Bg5 d6 7. Qf3 d5 8. e3
Nbd7 9. Rc1 Bb7 10. Nh3 Qe7 11. a3 c5 12. Bh4 h6 13. Bg3 Ne4 14. Bd3 Nxg3 15.
Qxg3 O-O 16. O-O Nf6 17. f3 cxd4 18. cxd5 Bxd5 19. e4 Bb3 20. Rc7 Nd7 21. Bb5
Rfd8 22. Rfc1 a6 23. Bd3 e5 24. Qg4 Be6 25. Qg3 Bb3 26. f4 f6 27. Bxa6 Rxa6 28.
Qxb3+ Kh7 29. Qb5 Qe6 30. Qxa6 Nc5 31. R7xc5 1/2-1/2

[Event "40th Olympiad Open"]
[Site "Istanbul TUR"]
[Date "2012.09.03"]
[Round "6.75"]
[Board "1"]
[White "Kamara, Ansumana"]
[Black "Massana, Jorge"]
[Result "0-1"]
[WhiteElo "2086"]
[BlackElo "2186"]
[WhiteTeam "Sierra Leone"]
[BlackTeam "Us Virgin Islands"]
[WhiteFideId "1622218"]
[BlackFideId "3100073"]
[EventDate "2012.08.28"]

1. d4 Nf6 2. c4 e5 3. Nc3 exd4 4. Qxd4 Nc6 5. Qd1 Bb4 6. Bd2 O-O 7. Nf3 Bxc3 8.
Bxc3 Ne4 9. Qc2 Qe7 10. e3 Nxc3 11. Qxc3 d6 12. Bd3 Ne5 13. Nxe5 dxe5 14. O-O e4
15. Be2 c5 16. Rad1 Bd7 17. Rd5 Rfe8 18. Rfd1 Bc6 19. Rd6 Rad8 20. Qd2 Rxd6 21.
Qxd6 Qxd6 22. Rxd6 Kf8 23. a3 Ke7 24. Rd2 Rd8 25. Rxd8 Kxd8 26. h4 Ke7 27. g4 b6
28. b3 Kf6 29. Kh2 h6 30. Kg3 g5 31. hxg5+ hxg5 32. f4 exf3 33. Bxf3 Bxf3 34.
Kxf3 Ke5 35. b4 f5 36. bxc5 bxc5 37. a4 a5 38. Kg3 fxg4 39. Kxg4 Ke4 40. Kxg5
Kxe3 41. Kf5 Kd4 42. Kf4 Kxc4 43. Ke4 Kb3 44. Kd5 c4 45. Kc5 c3 46. Kb5 c2 47.
Kxa5 c1=Q 48. Kb5 Qg5+ 0-1

[Event "40th Olympiad Open"]
[Site "Istanbul TUR"]
[Date "2012.09.03"]
[Round "6.77"]
[Board "1"]
[White "Meshkov, Yuri A."]
[Black "Astaneh Lopez, Alex"]
[Result "1/2-1/2"]
[WhiteTitle "IM"]
[BlackTitle "IM"]
[WhiteElo "2390"]
[BlackElo "2398"]
[WhiteTeam "IBCA"]
[BlackTeam "Ireland"]
[WhiteFideId "4107101"]
[BlackFideId "2501430"]
[EventDate "2012.08.28"]

1. c4 Nf6 2. Nf3 g6 3. Nc3 d5 4. cxd5 Nxd5 5. e4 Nxc3 6. dxc3 Qxd1+ 7. Kxd1 Bg7
8. Bf4 c6 9. Kc2 Nd7 10. a4 O-O 11. a5 h6 12. Bc7 Nc5 13. Re1 Ne6 14. Bg3 Nc5
15. b4 Nd7 16. Bc4 b5 17. Bb3 Bb7 18. e5 e6 19. Nd4 Rfe8 20. a6 Bxa6 21. Nxc6
Bb7 22. Nd4 a6 23. f3 Rac8 24. Re2 Rc7 25. Rd1 Nb6 26. Bf2 Nd7 27. Bg3 Nb6 28.
Bf2 Nd7 29. Bg3 Nb6 1/2-1/2

[Event "40th Olympiad Open"]
[Site "Istanbul TUR"]
[Date "2012.09.03"]
[Round "6.77"]
[Board "3"]
[White "Mueller, Oliver"]
[Black "Wall, Gavin"]
[Result "1-0"]
[WhiteTitle "FM"]
[BlackTitle "IM"]
[WhiteElo "2265"]
[BlackElo "2338"]
[WhiteTeam "IBCA"]
[BlackTeam "Ireland"]
[WhiteFideId "4633385"]
[BlackFideId "2501244"]
[EventDate "2012.08.28"]

1. d4 f5 2. g3 Nf6 3. Bg2 g6 4. Nf3 Bg7 5. O-O O-O 6. c4 d6 7. Nc3 Qe8 8. d5 Na6
9. Rb1 c6 10. dxc6 bxc6 11. b4 Bd7 12. a3 Nc7 13. Bb2 Rd8 14. e3 h6 15. c5 dxc5
16. bxc5 Bc8 17. Qb3+ e6 18. Ne5 Nfd5 19. Nxd5 exd5 20. f4 Ba6 21. Rfd1 Rb8 22.
Qa4 Rb7 23. Bd4 Bb5 24. Qa5 Bxe5 25. Bxe5 Qe7 26. a4 Qxc5 27. Bd4 Qa3 28. Ra1
Qe7 29. axb5 Nxb5 30. Be5 Qc5 31. Qd2 Rd7 32. Rac1 Qb6 33. Bd4 Nxd4 34. Qxd4
Qxd4 35. Rxd4 Rf6 36. Ra4 Re7 37. Kf2 Rfe6 38. Rc3 Rb7 39. Ra2 Kf8 40. Rca3 1-0

[Event "40th Olympiad Open"]
[Site "Istanbul TUR"]
[Date "2012.09.03"]
[Round "6.77"]
[Board "4"]
[White "McMahon, Daire"]
[Black "Ross, Chris N"]
[Result "0-1"]
[WhiteTitle "FM"]
[WhiteElo "2153"]
[BlackElo "2231"]
[WhiteTeam "Ireland"]
[BlackTeam "IBCA"]
[WhiteFideId "2500477"]
[BlackFideId "410411"]
[EventDate "2012.08.28"]

1. d4 e6 2. c4 Nf6 3. Nf3 Bb4+ 4. Nbd2 c5 5. a3 Bxd2+ 6. Bxd2 cxd4 7. Nxd4 d5 8.
e3 O-O 9. Be2 e5 10. Nf3 Nc6 11. cxd5 Nxd5 12. e4 Nf6 13. Bc3 Qe7 14. Nd2 Rd8
15. Qc2 Be6 16. O-O Rac8 17. Rad1 Nd4 18. Qd3 a6 19. Qe3 Nxe2+ 20. Qxe2 Bd7 21.
Qe3 Ba4 22. Rc1 Qe6 23. Nf3 Ng4 24. Qg5 f6 25. Qh4 Nh6 26. Rfe1 Nf7 27. Nd2 Rxc3
28. Rxc3 Rxd2 29. Rec1 Bc6 30. b4 Qd7 31. h3 Rd1+ 32. Rxd1 Qxd1+ 33. Kh2 Qd2 34.
Qg3 Qf4 35. Qxf4 exf4 36. f3 Ne5 37. Kg1 Kf7 38. a4 Nd7 39. a5 Ke6 40. Rd3 g5
41. Kf2 h5 42. Rc3 Ne5 43. Ke1 Bb5 44. Rb3 Nc6 45. Rb2 Ke5 46. Kf2 h4 47. Ke1
Kd4 48. Rd2+ Bd3 0-1

[Event "40th Olympiad Open"]
[Site "Istanbul TUR"]
[Date "2012.09.03"]
[Round "6.78"]
[Board "1"]
[White "Kazhgaleyev, Murtas"]
[Black "Obodchuk, Andrei"]
[Result "1-0"]
[WhiteTitle "GM"]
[BlackTitle "IM"]
[WhiteElo "2594"]
[BlackElo "2399"]
[WhiteTeam "Kazakhstan"]
[BlackTeam "IPCA"]
[WhiteFideId "13700316"]
[BlackFideId "4114310"]
[EventDate "2012.08.28"]

1. d4 Nf6 2. c4 g6 3. Nc3 d5 4. Bg5 Ne4 5. Bh4 Nxc3 6. bxc3 c5 7. cxd5 Qxd5 8.
e3 Bg7 9. Nf3 Nc6 10. Be2 cxd4 11. cxd4 e5 12. dxe5 Qa5+ 13. Qd2 Qxd2+ 14. Kxd2
Nxe5 15. Rab1 Nc6 16. Rhc1 O-O 17. Ke1 Re8 18. Nd2 Bf8 19. Kf1 Re5 20. Bf3 Ra5
21. Ne4 h6 22. Nc3 Ne5 23. Bd5 Rc5 24. Ne4 Rxc1+ 25. Rxc1 Nc6 26. Bf6 Be6 27.
Bxe6 fxe6 28. Rd1 Nb4 29. Rd7 b6 30. Be7 Nd5 31. Bxf8 Rxf8 32. Ke2 Rf7 33. Rd8+
Kg7 34. Nd6 Re7 35. a3 Nf6 36. Ra8 a5 37. Rb8 Nd5 38. e4 Nc3+ 39. Kd3 Na4 40.
Ke3 e5 41. g3 Kf6 42. Rc8 Ke6 43. Nb5 Kf7 44. Nc7 Rd7 45. Nd5 Rb7 46. f4 b5 47.
Ra8 Nb2 48. fxe5 Nc4+ 49. Kd4 Nxa3 50. Ra6 b4 51. e6+ Kg7 52. e7 Rb8 53. Nc7
Nb5+ 54. Nxb5 Kf7 55. Rxa5 Kxe7 56. Kc4 Rc8+ 57. Kxb4 Rc2 58. Nd4 Rxh2 59. e5
Rg2 60. Ra7+ Ke8 1-0

[Event "40th Olympiad Open"]
[Site "Istanbul TUR"]
[Date "2012.09.03"]
[Round "6.78"]
[Board "2"]
[White "Yarmonov, Igor"]
[Black "Jumabayev, Rinat"]
[Result "0-1"]
[WhiteTitle "IM"]
[BlackTitle "GM"]
[WhiteElo "2333"]
[BlackElo "2525"]
[WhiteTeam "IPCA"]
[BlackTeam "Kazakhstan"]
[WhiteFideId "14114496"]
[BlackFideId "13702661"]
[EventDate "2012.08.28"]

1. d4 Nf6 2. c4 e6 3. Nc3 Bb4 4. Qc2 O-O 5. Bg5 h6 6. Bh4 c5 7. e3 Nc6 8. dxc5
Bxc5 9. Nf3 Be7 10. Be2 Nh5 11. Bxe7 Qxe7 12. O-O Nf6 13. Rfd1 Rd8 14. a3 b6 15.
Rd2 Bb7 16. Rad1 d6 17. b4 Rac8 18. Qb2 a6 19. h3 Qc7 20. Rc2 Nb8 21. Nd4 Nbd7
22. f3 Qb8 23. Nb1 Ne5 24. Nd2 Ng6 25. Nf1 Qa7 26. Nb3 Bc6 27. Rcd2 d5 28. cxd5
Rxd5 29. Rc1 Qb7 30. Rdc2 Rdd8 31. Nd4 Bd7 32. Rxc8 Rxc8 33. Rxc8+ Qxc8 34. Qc2
Qb7 35. Qd3 e5 36. Nb3 Bb5 37. Qd8+ Kh7 38. Bxb5 axb5 39. Qd3 Qd5 40. Qxd5 Nxd5
41. e4 Nc3 42. Nbd2 Nf4 43. Ne3 Kg6 44. h4 Kf6 45. g3 Nfe2+ 46. Kf2 Nd4 47. f4
exf4 48. gxf4 h5 49. e5+ Ke6 50. Nf3 Ne4+ 51. Kg2 Nf5 52. Nd1 Kd5 53. Kf1 Neg3+
54. Kg2 Ne4 55. Kf1 Neg3+ 56. Kg2 Ke4 57. Nc3+ Kxf4 58. Nxb5 Ne4 59. Ne1 Kxe5
60. Kh3 Kd5 61. Nf3 Kc4 62. Nc7 Ned6 63. Ne5+ Kb3 64. b5 Ne7 65. Nd7 Nc4 66. Ne8
g6 67. Nef6 Kxa3 68. Ne4 Kb4 69. Ng5 f5 70. Ne6 Kxb5 71. Kg3 Kc6 72. Ndf8 Kd6
73. Kf4 Ne5 74. Nd4 Kd5 75. Nb5 Nd3+ 76. Kg5 f4 77. Kf6 Kc5 78. Na3 Nd5+ 79.
Kxg6 f3 80. Nb1 N5f4+ 81. Kf5 f2 82. Nd2 Kd4 83. Nh7 b5 84. Ng5 b4 85. Nge4 Ng2
86. Nb3+ Ke3 87. Ng3 Kf3 88. Nf1 Ne3+ 0-1

[Event "40th Olympiad Open"]
[Site "Istanbul TUR"]
[Date "2012.09.03"]
[Round "6.78"]
[Board "3"]
[White "Kostenko, Petr"]
[Black "Valenta, Vit"]
[Result "1-0"]
[WhiteTitle "GM"]
[WhiteElo "2494"]
[BlackElo "2162"]
[WhiteTeam "Kazakhstan"]
[BlackTeam "IPCA"]
[WhiteFideId "13700669"]
[BlackFideId "307440"]
[EventDate "2012.08.28"]

1. c4 c5 2. Nf3 Nf6 3. Nc3 Nc6 4. d4 cxd4 5. Nxd4 g6 6. e4 Qa5 7. Nb3 Qc7 8. Be3
Bg7 9. Be2 O-O 10. O-O d6 11. Rc1 Qd7 12. f3 b6 13. Qd2 Rd8 14. Nd5 Rb8 15. Bg5
Ne8 16. Rfd1 Qb7 17. Bf1 Qd7 18. Qf2 Qe6 19. Rd2 Bb7 20. Re1 h6 21. Be3 Kh7 22.
Nc1 Rbc8 23. Ne2 Ba6 24. b3 Rb8 25. Rc1 Qc8 26. b4 e6 27. b5 exd5 28. cxd5 Bxb5
29. dxc6 Nc7 30. Nf4 Qa6 31. Nd5 Rbc8 32. Qh4 Ne6 33. Qe7 Rf8 34. Qxd6 Bxf1 35.
Rxf1 Qb5 36. Rc1 Rfd8 37. Qe7 Kg8 38. Qxa7 1-0